Gravity, deformation, and the earth's crust : in theory, experiments, and geological application /

Bibliographic Details
Main Author: Ramberg, Hans, 1917-1998
Format: Book
Language:English
Published: London ; New York, N.Y. : Academic Press, 1981.
Edition:2nd ed.
Subjects:

MARC

Tag First Indicator Second Indicator Subfields
LEADER 00000pam a2200000 a 4500
001 in00000089324
005 20151008063408.0
008 801119s1981 enka b 00110 engm
010 |a  80041317  
015 |a GB81 
020 |a 0125768605 
035 |a (OCoLC)07173137 
035 |9 AAK2150AM 
040 |a DLC  |c DLC  |d m.c.  |d TXA  |d UtOrBLW 
049 |a TXAM  |c 1 [800647], 2 [A13316302] 
050 0 0 |a QE601  |b .R25 1981 
082 0 |a 551  |2 19 
100 1 |a Ramberg, Hans,  |d 1917-1998. 
245 1 0 |a Gravity, deformation, and the earth's crust :  |b in theory, experiments, and geological application /  |c Hans Ramberg. 
250 |a 2nd ed. 
264 1 |a London ;  |a New York, N.Y. :  |b Academic Press,  |c 1981. 
300 |a xii, 452 pages :  |b illustrations ;  |c 24 cm. 
336 |a text  |b txt  |2 rdacontent 
337 |a unmediated  |b n  |2 rdamedia 
338 |a volume  |b nc  |2 rdacarrier 
500 |a Includes index. 
504 |a Bibliography: pages 424-436. 
650 0 |a Geology, Structural  |x Mathematical models. 
650 0 |a Rock deformation  |x Mathematical models. 
650 0 |a Gravity  |x Mathematical models. 
651 0 |a Earth (Planet)  |x Crust  |x Mathematical models. 
999 |a MARS 
999 f f |s 008195de-265a-3810-9091-cbde791e3cef  |i ec60cf07-48bc-3f20-bb97-ff356e4c7992  |t 0 
952 f f |p ric  |a Texas A&M University  |b Rellis Campus  |c Joint Library Facility  |s JLF  |d Remote Storage  |t 0  |e QE601 .R25 1981  |h Library of Congress classification  |i unmediated -- volume  |m A14813316302 
998 f f |a QE601 .R25 1981  |t 0  |l Remote Storage